000 01075nam a2200301 i 4500
001 000037378
003 DO-SdBNP
005 20260129125203.0
007 ta
008 081117s2012 dr l o001 0 spa d
040 _aDO-SdBNP
_bspa
_cBNPHU
_erda
082 4 _a344.729302
_bR426L 2012
_222
110 1 _aRepública Dominicana.
_9447
240 1 0 _a[Leyes, etc.]
245 1 0 _aLey no. 87-01 que crea el sistema dominicano de seguridad social y sus modificaciones.
264 _aSanto Domingo :
_bCNSS,
_c2012.
300 _a236 páginas ;
_c22 cm.
336 _atexto
_btxt
_2rdacontent
337 _asin mediación
_bn
_2rdamedia
338 _avolumen
_bnc
_2rdacarrier
500 _aContiene las modificaciones de los artículos 1, 20, 28, 56, 97, 140, y 176
590 _aInventariado, 2018/VM
650 4 _aSeguridad social
_xLegislación
_zRepública Dominicana
_914351
650 0 _aLegislación social
_91149
710 2 _aConsejo Nacional de Seguridad Social (República Dominicana)
_963839
910 _aValidado. Control de calidad MFF
942 _2ddc
_cLBS1
999 _c36868
_d36868